Harry Potter - Statistiques

Statistiques générales
  • Ce quiz a été pris 214 fois
    178 depuis la dernière actualisation
  • Le résultat moyen est 13 sur 20
Statistiques - réponses
Question Réponse % Correct
Dans "Harry Potter à l'école des sorciers", de quelle créature Voldemort doit-il boire le sang pour survivre ? Une licorne
93%
Qu'enseigne Pomona Chourave, la directrice de la maison Poufsouffle ? La botanique
91%
De qui la mangemort Bellatrix Lestrange, "la plus loyale servante du Maître des Ténèbres", est-elle la cousine ? Sirius Black
89%
Laquelle de ces propositions n'est pas un Horcruxe dans lequel Voldemort a enfermé une partie de son âme ? L’épée de Gryffondor
88%
Qui est Nicolas Flamel? Un alchimiste de renom
88%
Dans quel tome Harry est-il pour la première fois en possession d'un Horcruxe ? Dans Harry Potter et la Chambre des Secrets
86%
Vous avez entre les mains la carte du Maraudeur. Mais elle ressemble pour l'instant à un vieux parchemin sans intérêt. Que devez vous dire pour l'activer ? « Je jure solennellement que mes intentions sont mauvaises »
85%
Comment est morte Mimi Geignarde, qui hante les toilettes des filles au deuxième étage de Poudlard ? En croisant les yeux jaunes du Basilic de la Chambre des secrets
83%
Quel est le prénom de la soeur de Fleur Delacour? Gabrielle
83%
A l'été 1992, l'elfe de maison Dobby fait tout pour décourager Harry de retourner à Poudlard, car il sait que l'apprenti-sorcier court un grand danger. Par quoi commence-t-il ? Il vole les lettres que lui envoient ses amis Hagrid, Hermione et Ron pour lui faire croire que personne ne veut le voir
83%
Quels sont les quatre fondateurs de Poudlard? Rowena Serdaigle, Godric Gryffondor, Helga Poufsouffle, Salazar Serpentard
83%
Il existe trois sortilèges impardonnables. Le sortilège de la Mort, le sortilège Doloris et... ? Le sortilège de l’Imperium
82%
L'argent des sorciers est composé de trois pièces. Lesquelles ? Le Gallion d'or, la Mornille d'argent, la Noise de bronze
80%
Pourquoi Voldemort a-t'il cru devoir tuer Harry quand il avait un an ? Parce qu’on lui avait rapporté une prophétie
79%
Qu’est ce que la S.A.L.E? Une association créée par Hermione
79%
Qui est Gellert Grindelwald? Le meilleur ami/ amant d’Albus Dulbledore
77%
Chez Ollivander, la meilleure boutique de baguettes magiques du chemin de Traverse, Harry Potter va trouver sa première baguette. Ou plutôt la baguette va le choisir. En quoi est-elle ? En bois de houx et plume de phénix
76%
Lequel des quatre maraudeurs n’est pas un Animagus, c'est-à-dire un sorcier capable de se métamorphoser en animal ? Remus Lupin
76%
Combien y a-t-il de joueurs dans une équipe de quidditch ? 7
75%
De quoi la famille Dursley a-t-elle le plus peur? De tout ce qui peut les faire paraître étranges
75%
Quels sont les derniers mots de Severus Rogue dans « Les Reliques de la mort »? « Regardez...moi »
72%
De quel trait de caractère Harry a -t'il hérité de son père, selon Lupin? Un certain talent pour s’attirer des ennuis
72%
Pourquoi Hermione a-t-elle l'idée de créer l'Armée de Dumbledore ? Pour que les élèves apprennent à se battre, après l'arrêt des cours pratiques de défense contre les forces du mal
71%
Quel titre porte le livre écrit par Rita skeeter sur Dumbledore? Vie et Mensonges d’Albus Dumbledore
70%
Qui est le Baron Sanglant? Le fantôme meurtrier de Helena Serdaigle
68%
Quelle est la devise de Poudlard? « Draco dormiens nunquam titillandus »
67%
Qui est R.A.B? Le maître vénéré de Kreattur
67%
Pour quelle raison le père de Dumbledore fini t'il à Azkaban? Pour s’être vengé des Moldus qui ont persécuté Ariana
67%
Dans Harry Potter et le Prince de Sang-Mélé, qu’utilise Harry pour sauver Ron de l’empoisonnement dans le bureau de Slughorn? Un béozart
65%
En quelle année sont morts les parents de Harry Potter? En 1981
62%
Qui est l’aîné des frères et sœur Weasley? Bill
61%
Comment accéder aux cuisines de Poudlard? Il faut chatouiller une poire
61%
Le respecté directeur de Poudlard, Albus Dumbledore, prétend avoir une cicatrice au dessus du genou gauche. A quoi ressemble-t-elle, selon lui ? C’est « un plan parfait du métro de Londres »
57%
A quelle variété appartient Norbert, le dragon élevé en secret par Hagrid ? C'est un Norvégien à crête, très rare et agressif
55%
Où Dumbledore trouve t'il la Bague de Gaunt après avoir compris pour les Horcruxes ? Dans les décombres de la maison du grand-père maternel de Tom Jedusor
55%
Quelle est la note la plus basse qu'un élève de Poudlard puisse obtenir aux examens de sorcellerie Buse, Aspic et Emeu ? T pour Troll
51%
Quel titre porte le livre qu'offrent Fred et Georges à Ron dans le 7eme Tome ? Douze moyens infaillibles de séduire les sorcières
47%
Quelle est la mascotte de l'équipe de Quidditch de Bulgarie? Des vélanes
45%
Qu'arrive-t-il à George Weasley lors de la "bataille des sept Potter" ? Il perd l’oreille gauche
45%
Quelle baguette produit la marque des ténèbres dans le ciel durant la coupe du monde de Quidditch? Celle de Harry
44%
Combien y-a-t-il d’escalier magique à Poudlard? 142
39%
Les célèbres Dragées surprises de Bertie Crochue ont parfois des goûts bizarres. Lequel de ces parfums n'existe pas (ou pas encore) ? Camembert
39%
Quel numéro faut-il taper dans la cabine téléphonique désaffectée de Londres pour entrer au ministère de la Magie ? 6-2-4-4-2
38%
Qu'enseignait Albus Dumbledore avant de devenir le directeur de Poudlard ? La métamorphose
38%
En 1994 se déroule la 422e Coupe du monde de quidditch. En finale, la Bulgarie emmenée par l'attrapeur Viktor Krum affronte l'Irlande d'Aidan Lynch. Le match est serré et violent. Quel est le score final ? L'Irlande l'emporte, 170 à 160
34%
Que dit Ron qu'il ferait si sa fille n'était pas prise à Gryffondor ? Qu’il la déshériterait
34%
À quel étage se situe la trappe gardée par Touffu et qui permet l’accès à la pièce où se trouve la Pierre Philosophale? 3
33%
Le jour de son 11e anniversaire, Harry Potter apprend qu'il a un coffre à son nom à la banque Gringotts, l'endroit le plus sûr du monde, après Poudlard, peut-être. Il va y trouver de quoi acheter ses premières fournitures scolaires. Quel est le numéro de son coffre ? Le numéro 687
31%
Lequel de ces mots de passe n’a jamais permis d’ouvrir le bureau d’Albus Dumbledore? Chocogrenouille
28%
Aucun quiz correspondant
Distribution des résultats
% des personnes avec chaque résultat
Percentile par nombre de réponses
Votre historique - résultats
Vous n’avez pas pris ce quiz depuis la dernière actualisation